000 00441nam a2200181Ia 4500
001 24964
005 20260414151118.0
008 260414t2015||||xx |||||||||||||| ||spa||
041 _aESP
082 _a346C5
_bR91
100 _aRubio Correa, Marcial
_eAUT
245 0 _aEl título preliminar del código civil
_b
260 _c2015
300 _a173 páginas :
_c20 cm.
650 _aDER
654 _aCDE
942 _cLIB
_dJUS
_fJUS
_2ddc
_n
999 _c24964
_d24964